Corn is maize : (Record no. 7747)

MARC details
000 -LEADER
fixed length control field 01047nam a22003137a 4500
001 - CONTROL NUMBER
control field 7747
003 - CONTROL NUMBER IDENTIFIER
control field FISKH
005 - DATE AND TIME OF LATEST TRANSACTION
control field 20250805080441.0
008 - FIXED-LENGTH DATA ELEMENTS--GENERAL INFORMATION
fixed length control field 250805b cb ||||| |||| 00| 0 eng d
020 ## - INTERNATIONAL STANDARD BOOK NUMBER
International Standard Book Number 9780064450263
040 ## - CATALOGING SOURCE
Original cataloging agency DLC
Transcribing agency DLC
Modifying agency DLC
Language of cataloging eng
050 ## - LIBRARY OF CONGRESS CALL NUMBER
Classification number SB191.M2 A584
082 ## - DEWEY DECIMAL CLASSIFICATION NUMBER
Classification number 633
100 0# - MAIN ENTRY--PERSONAL NAME
Personal name Aliki.
Dates associated with a name (1929-)
245 10 - TITLE STATEMENT
Title Corn is maize :
Remainder of title the gift of the Indians /
Statement of responsibility, etc. Written and illustrated by Aliki.
250 ## - EDITION STATEMENT
Edition statement This edition first published in 1976
260 ## - PUBLICATION, DISTRIBUTION, ETC.
Place of publication, distribution, etc. New York :
Name of publisher, distributor, etc. HarperCollins,
Date of publication, distribution, etc. 1976.
300 ## - PHYSICAL DESCRIPTION
Extent 33 pages :
Other physical details color illustrations ;
Dimensions 21 x 23 cm.
490 0# - SERIES STATEMENT
Series statement Let's-read-and-find-out science books
505 ## - FORMATTED CONTENTS NOTE
Formatted contents note N<br/>
520 ## - SUMMARY, ETC.
Summary, etc. A simple description of how corn was discovered and used by the Indians and how it came to be an important food throughout the world.<br/>
521 8# - TARGET AUDIENCE NOTE
Target audience note 570<br/>
Source Lexile<br/>
521 8# - TARGET AUDIENCE NOTE
Target audience note N<br/>
Source Raz-Plus<br/>
650 #0 - SUBJECT ADDED ENTRY--TOPICAL TERM
Topical term or geographic name entry element Corn
General subdivision Juvenile literature.
650 #0 - SUBJECT ADDED ENTRY--TOPICAL TERM
Topical term or geographic name entry element Indians
General subdivision Food
-- Juvenile literature.
700 ## - ADDED ENTRY--PERSONAL NAME
Personal name Aliki
Dates associated with a name illustrator
942 ## - ADDED ENTRY ELEMENTS (KOHA)
Source of classification or shelving scheme Dewey Decimal Classification
Koha item type Books
Suppress in OPAC No
Holdings
Withdrawn status Lost status Source of classification or shelving scheme Damaged status Not for loan Collection Home library Current library Shelving location Date acquired Total Checkouts Full call number Barcode Date last seen Copy number Price effective from Koha item type
    Dewey Decimal Classification     Juvenile Fiction Footprints International School Library Network Toul Tom Poung Campus Footprints International School Library Network Toul Tom Poung Campus TTP Primary Yellow Bookshelves 08/05/2025   ALI 633 SB191.M2 A584 FIS03651 08/05/2025 1 08/05/2025 Books